000 00866nam0a22002531 4500
001 rc\2173878
005 20250623012441.0
035 _a(NLR Aleph) 006509363
090 _a6313863
_c6313863
100 _a20110829d1978 |||y0rusy50 ca
101 0 _arus
102 _aRU
105 _aa g |||||
200 1 _aЗарубежные молодежные организации
_eСправочник
_fСост. А.М. Песляк, Ю.А. Скоков
210 _aМосква
_cМол. гвардия
_d1978
215 _a383 с.
_cил.
_d17
606 _aМолодежные организации
_jСправочники
_yЗарубежные страны
_2psbo
702 1 _aСкоков
_bЮ.А.
_4220
702 1 _aПесляк
_bА.М.
_4220
801 0 _aRU
_bNLR
_gpsbo
801 1 _aRU
_bELAR
_2rusmarc
852 _aNLR
_j121/3-35
942 _cBOOK
980 _aNB